000 00616nam a2200205Ia 4500
005 20260121110036.0
008 008 260114s9999 xx 000 0 hin d
020 _a9788132351313
037 _aEBOOK
040 _aCRL
_bhin
_cCRL
041 _ahin
_2hin
084 _qCRL
100 _aनीरज गुप्ता / Neeraj Gupta
_9941337
245 0 _aसेरी कल्चर / Sericulture
260 _bभाषा प्रकाशन / Bhasha Prakashan
_c2020
856 _uhttps://bhashaprakashan.com/product-details/378472
942 _cEBOOK
999 _c1533002
_d1533002